| 000 | 00515nam a2200181Ia 4500 | ||
|---|---|---|---|
| 005 | 20250423100508.0 | ||
| 008 | 250422s9999 xx 000 0 und d | ||
| 020 | _a9781555631222 | ||
| 050 | _aTN 870 .P48/ | ||
| 100 | _aLake, Larry W. | ||
| 245 | 0 | _aPetroleum engineering handbook vol. VI : emerging and peripheral technologies | |
| 260 | _aTexas | ||
| 260 | _bSociety of Petroleum Engineers | ||
| 260 | _c2007 | ||
| 300 | _a621 p | ||
| 650 | _aPetroleum engineering--Handbooks, manuals, etc | ||
| 942 | _cBK | ||
| 999 |
_c33478 _d33478 |
||